Statistics for Wine Regions of South Africa (typing)

Click here to take the quiz!

General Stats

  • This quiz has been taken 22 times
  • The average score is 10 of 15

Answers on the Map

Answers color-coded by a green-red scale on the quiz's map according to % correct below.
 

Answer Stats

Answer% Correct
Constantia
100%
Paarl
100%
Stellenbosch
100%
Durbanville
86%
Swartland
86%
Worcester
86%
Elgin
71%
Robertson
71%
Walker Bay
71%
Elim
57%
Hemel-en-Aarde
57%
Coastal Region
43%
Western Cape
43%
Breede River Valley
29%
Cape South Coast
29%

Score Distribution

Percentile by Number Answered

Percent of People with Each Score

Your Score History

You have not taken this quiz